| 000 | 00867ngm a22003250a 4500 | ||
|---|---|---|---|
| 001 | PT16371 | ||
| 003 | AR-LpoUNG | ||
| 005 | 20210202000202.0 | ||
| 007 | vd cvaizq | ||
| 008 | 191001s1990||||ag |||||||||||||||||eng d | ||
| 037 | _c$11.66 | ||
| 040 |
_aAR-LpoUNG _bspa _cAR-LpoUNG _eaacr |
||
| 041 |
_aeng _aspa |
||
| 044 | _aag | ||
| 082 | 0 | _a972.84 873rom | |
| 100 | 1 |
_aDuigan, John _edir. |
|
| 245 | 1 | 0 | _aRomero |
| 260 |
_aSan Luis : _bAVH - Warner Bros, _c1990. |
||
| 505 | 0 | _aGuión: John Sacret Young ; fotografía: Geoff Burton. - Diálogos en inglés, subtítulos en castellano | |
| 650 | 4 | _aBIOGRAFIAS | |
| 650 | 4 | _aCATOLICOS | |
| 650 | 4 | _aEL SALVADOR | |
| 650 | 4 | _aHISTORIA | |
| 650 | 4 | _aPRACTICA RELIGIOSA | |
| 650 | 4 | _aRELIGION | |
| 651 | 4 | _aDOCUMENTOS TEORICOS O METODOLOGICOS | |
| 653 | _aVIDEOS | ||
| 905 | _a16371 | ||
| 942 | _cVIDEO | ||
| 999 |
_c54293 _d54293 |
||